Tierquiz nach Buchstabe - B - Statistiken

Allgemein
  • Dieses Quiz wurde 96 mal gespielt
  • Das Durchschnittsergebnis liegt bei 3 aus 15
Antwortstatistiken
Hint Antwort % Korrekt
Weisser Meeressäuger der in den arktischen Gewässern lebt. Beluga
81%
Menschenaffe, heimisch im Kongo. Bonobo
74%
Jagdhunderasse welche häufig in der biomedizinischen Forschung verwendet wird. Beagle
36%
Raubtier der Unterordnung Hundeartige. Dieser Sohlengänger kann man im Alpenraum antreffen. Braunbär
35%
Echsengattung endemisch in Australien, beliebte Terrarientiere. Bartagame
19%
Die einzige in Europa frei lebende Primatenart ausser dem Menschen. Berberaffe
13%
Vögeln die ihre Beute gegen Äste schlagen um ihren Stachel zu entfernen. Bienenfresser
13%
Vom aussterben bedrohter Unpaarhufer im südlichen Afrika. Breitmaulnashorn
12%
Farbenfroher Vogel in Eurasien mit sehr langer Zunge und markanten Lauten. Buntspecht
12%
Ca. 2 meter langes Krokodil aus Südamerika. Brillenkaiman
10%
Mit einem Gewicht von 1.8 gramm der kleinste und leichteste Vogel der Welt. Bienenelfe
8%
Sehr zutrauliche Familie von Singvögeln aus Afrika und Südostasien. Name aus dem Persischen bedeutet Nachtigall. Bülbül
6%
Kleiner Greifvogel, zweitgäufigste Falkenart Deutschlands. Baumfalke
5%
Stacheliges Tier welches in Europa häufig durch die Gärten wandert. Braunbrustigel
5%
Tagaktive Natter mit niederländischem Namen. Beheimatet in Afrika. Boomslang
4%
Keine übereinstimmenden Quizze gefunden
Verteilung der Resultate
Anzahl Personen mit jedem Resultat
Perzentil nach korrekt beantworteten Fragen
Ihre Resultats-Entwicklung
Sie haben dieses Quiz noch nicht gespielt